000 00432nam a2200157Ia 4500
008 240729s9999 xx 000 0 und d
022 _a2772-5251
245 0 _aSRM Journal of Research in Dental Sciences
260 _aIndia
260 _bWolters Kluwer Medknow Publications
650 _a Dentistry
650 _aMedicine
856 _uhttps://doaj.org/toc/caf8643539cb4f269093549164c02b23
942 _2ddc
942 _cDOAJEJ
999 _c73190
_d73190
945 _a1
_bMadushi Gamage
_c1
_dMadushi Gamage